000
00330nam a22001337a 4500
003
MPLRDC
005
20220104184755.0
008
210129b ||||| |||| 00| 0 eng d
082
_a
DISC
100
_a
张德芬旁白主讲
245
_a
活出全新的自己: 禅尘--1 DISC
_c
650
_a
长篇小说
942
_c
CDA
_o
DISC
999
_c
63027
_d
63017